Framed : interrogating disability in the media /

Bibliographic Details
Corporate Authors: British Film Institute, Arts Council of England
Other Authors: Pointon, Ann, Davies, Chris (Producer)
Format: Book
Language:English
Published: London : British Film Institute : Arts Council of England, 1997.
Subjects:

MARC

Tag First Indicator Second Indicator Subfields
LEADER 00000cam a2200000 a 4500
001 in00001403873
005 20151020053208.0
008 970915s1997 enka bq 001 0 eng d
020 |a 0851706002 (pbk.) 
020 |a 0851705995 (spiral) 
035 |a (OCoLC)37623373 
035 |9 AHM7353AM 
040 |a NTE  |c NTE  |d UIU  |d TXA  |d UtOrBLW 
049 |a TXAM 
090 |a PN1995.9.H34  |b F73 1997 
092 0 |a 302.23087  |b F843  |2 21 
245 0 0 |a Framed :  |b interrogating disability in the media /  |c edited by Ann Pointon with Chris Davies. 
246 3 |a Interrogating disability in the media 
264 1 |a London :  |b British Film Institute :  |b Arts Council of England,  |c 1997. 
300 |a ix, 247 pages :  |b illustrations ;  |c 30 cm. 
336 |a text  |b txt  |2 rdacontent 
337 |a unmediated  |b n  |2 rdamedia 
338 |a volume  |b nc  |2 rdacarrier 
504 |a Includes bibliographical references (pages 241-242), filmography (pages 243-244), and index. 
650 0 |a People with disabilities in motion pictures. 
650 0 |a People with disabilities on television. 
650 0 |a People with disabilities  |x Employment. 
700 1 |a Pointon, Ann. 
700 1 |a Davies, Chris  |c (Producer) 
710 2 |a British Film Institute. 
710 2 |a Arts Council of England. 
999 |a MARS 
999 f f |s 629b755f-9946-3ea6-b1e2-0335f02be39b  |i 538cf0ef-9194-38c4-a4f8-7405b026c11b  |t 0 
952 f f |p ric  |a Texas A&M University  |b Rellis Campus  |c Joint Library Facility  |d Remote Storage  |t 0  |e PN1995.9.H34 F73 1997  |h Library of Congress classification  |i unmediated -- volume  |m A14822058945 
998 f f |a PN1995.9.H34 F73 1997  |t 0  |l Remote Storage